000 03391nam a22003257a 4500
001 TZ 0038
003 gtcocun
005 20251007191333.0
006 a||||gr|||| 00| 0
007 ta
008 251007b2010 gt ||||| m||| 00| 0 eng d
040 _agtcocun
_bSPA
_cgtcocun
_eRDA
041 _aSPA TZ 0038
084 _0TZ 0038
100 _aBuenafé Pérez, Yessika Yadira
_eAutor
245 _aINFORME FINAL DE EJERCICIO PROFESIONAL SUPERVISADO REALIZADO EN “GRANJA CHISAC, S.A.” UBICADA EN EL MUNICIPIO DE TACTIC, ALTA VERAPAZ./
_cYessika Yadira Buenafé Pérez.
_hImpreso
264 _aCobán, Alta Verapaz:
_bUniversidad de San Carlos de Guatemala, Centro Universitario del Norte,
300 _a56 p.:
_bIlustraciones, gráficas.
_c28 cm;
336 _2rdacontenido
_aTexto
_btxt
337 _2rdamedio
_aComputadora
_bn
338 _2rdasoporte
_aCódigo en línea
_bcr
502 _eTZ 0038
502 _aTesis de grado
_bZootecnia,
_cUniversidad de San Carlos de Guatemala, Centro Universitario del Norte, Zootecnia
_d2010
_oTZ 0038
520 1 4 _aLa presente actividad de Ejercicio Profesional Supervisado impulsado por la Carrera de Zootecnia del Centro Universitario del Norte, CUNOR, se desarrolló en Granja Chisac S.A., que se localiza en el municipio de Tactic, Alta Verapaz, en donde se llevaron a cabo diversas actividades en beneficio de la empresa y de las comunidades aledañas a la explotación. Luego de elaborar el diagnóstico de la institución, que permitió conocer debilidades y fortalezas de la empresa, se planificaron y ejecutaron varias actividades como: Manejo y actualización de costos de producción, participación en el manejo de aves en las diferentes etapas, pesajes de aves, elaboración de hoja de actividades a realizar dentro de cada galpón, control del programa de iluminación en el área de producción, actualización y manejo del inventario de vacunas, medicamentos e insumos, selección de aves, construcción de garita y sala de venta. A lo largo del Ejercicio Profesional Supervisado se efectuaron actividades que no habían sido planificadas como: Revisión de reportes de venta diaria, manejo y actualización de los datos de aves, consumo de alimento y producción diaria, recolección de gallinaza, inventario de materiales, elaboración de rótulos de señalización, manejo de gallinas muertas, cubicación de madera, toma de muestras de sangre, inventario de aves en galpones. Dentro de las actividades de extensión y servicio se realizaron: La impartición de dos charlas a los trabajadores de la granja, tres Jornadas de vacunación en aves de patio a cuatro comunidades cercanas a la explotación, entrega de productos de donación a la Escuela de Tampó del municipio de Tactic; dichas actividades fueron a beneficio de la comunidad. En la investigación inferencial se identificaron las medidas de bioseguridad empleadas en Granja Chisac S.A., siendo un aspecto muy importante para toda explotación pecuaria.
650 1 4 _2LEMB
_aTactic, Alta Verapaz.
_xZootecnia
_xExplotación
_xVacunas
_xGallinaza
_xCubicación
_xComunidad
700 _aLic. Zoot. Julio Antonio Estrada Osorio
_eAsesor
856 _uhttps://drive.google.com/file/d/13gU1uAMkn5HG_SM-YNINt2OM-scztwYK/view
_yPDF
_zUn ejemplar en línea.
942 _2ddc
_cTES
_iTZ 0038
_kClasificación
_n0
_6TZ_0038_000000000000000
999 _c2278
_d2278